Discrete and combinatorial mathematics : (Record no. 42)

MARC details
000 -LEADER
fixed length control field 01039nac a22003011i 4500
003 - CONTROL NUMBER IDENTIFIER
control field EG-ScBUE
005 - DATE AND TIME OF LATEST TRANSACTION
control field 20240903110809.0
008 - FIXED-LENGTH DATA ELEMENTS--GENERAL INFORMATION
fixed length control field 101007t2004 maua f 001 0 eng d
020 ## - INTERNATIONAL STANDARD BOOK NUMBER
International Standard Book Number 0321211030
020 ## - INTERNATIONAL STANDARD BOOK NUMBER
International Standard Book Number 9780321211033
040 ## - CATALOGING SOURCE
Original cataloging agency EG-ScBUE
Language of cataloging eng
Description conventions rda
Transcribing agency EG-ScBUE
Modifying agency EG-ScBUE
082 04 - DEWEY DECIMAL CLASSIFICATION NUMBER
Classification number 510
Item number GRI
Edition number 22
100 1# - MAIN ENTRY--PERSONAL NAME
Personal name Grimaldi, Ralph P.,
Relator term author.
9 (RLIN) 20109
245 10 - TITLE STATEMENT
Title Discrete and combinatorial mathematics :
Remainder of title an applied introduction /
Statement of responsibility, etc Ralph P. Grimaldi, Rose-Hulman Institute of Technology.
250 ## - EDITION STATEMENT
Edition statement Fifth edition.
264 #1 - PUBLICATION, DISTRIBUTION, ETC. (IMPRINT)
Place of publication, distribution, etc Boston :
Name of publisher, distributor, etc Pearson Addison Wesley,
Date of publication, distribution, etc [2004]
264 #4 - PUBLICATION, DISTRIBUTION, ETC. (IMPRINT)
Date of publication, distribution, etc c2004
300 ## - PHYSICAL DESCRIPTION
Extent xix, 833 pages :
Other physical details illustrations (some color) ;
Dimensions 27 cm
336 ## - CONTENT TYPE
Source rdacontent
Content type term text
Content type code txt
337 ## - MEDIA TYPE
Media type term unmediated
Source rdamedia
Media type code n
338 ## - CARRIER TYPE
Carrier type term volume
Carrier type code nc
Source rdacarrier
500 ## - GENERAL NOTE
General note Includes index.<br/>
650 #7 - SUBJECT ADDED ENTRY--TOPICAL TERM
Topical term or geographic name as entry element Mathematics.
Source of heading or term BUEsh
9 (RLIN) 20110
650 #7 - SUBJECT ADDED ENTRY--TOPICAL TERM
Topical term or geographic name as entry element Computer science
General subdivision Mathematics.
Source of heading or term BUEsh
9 (RLIN) 20111
650 #7 - SUBJECT ADDED ENTRY--TOPICAL TERM
Topical term or geographic name as entry element Combinatorial analysis.
Source of heading or term BUEsh
9 (RLIN) 20112
655 ## - INDEX TERM--GENRE/FORM
Form subdivision Reading book
942 ## - ADDED ENTRY ELEMENTS (KOHA)
Koha item type Book - Borrowing
Source of classification or shelving scheme Dewey Decimal Classification
Holdings
Withdrawn status Lost status Source of classification or shelving scheme Damaged status Not for loan Collection code Home library Current library Shelving location Date acquired Source of acquisition Total Checkouts Full call number Barcode Date last seen Cost, replacement price Price effective from Koha item type Total Renewals Date checked out
    Dewey Decimal Classification     Baccah Central Library Central Library First floor 09/11/2005 Purchase 3 510 GRI 000004797 15/07/2025 190.00 09/11/2005 Book - Borrowing    
    Dewey Decimal Classification     Baccah Central Library Central Library First floor 09/11/2005 Purchase 5 510 GRI 000004796 15/07/2025 190.00 09/11/2005 Book - Borrowing 9 25/09/2023
    Dewey Decimal Classification     Baccah Central Library Central Library First floor 09/11/2005 Purchase 1 510 GRI 000004795 15/07/2025 190.00 09/11/2005 Book - Borrowing    
    Dewey Decimal Classification     Baccah Central Library Central Library First floor 09/11/2005 Purchase   510 GRI 000004794 15/07/2025 190.00 09/11/2005 Book - Borrowing    
    Dewey Decimal Classification     Baccah Central Library Central Library First floor 09/11/2005 Purchase   510 GRI 000004793 15/07/2025 190.00 09/11/2005 Book - Borrowing    
    Dewey Decimal Classification     Baccah Central Library Central Library First floor 09/11/2005 Purchase 2 510 GRI 000004792 15/07/2025 190.00 09/11/2005 Book - Borrowing    
    Dewey Decimal Classification     Baccah Central Library Central Library First floor 05/11/2010 Purchase 3 510 GRI 000004791 15/07/2025 190.00 10/11/2005 Book - Borrowing 3 02/10/2023
    Dewey Decimal Classification     Baccah Central Library Central Library First floor 05/11/2010 Purchase 3 510 GRI 000004790 15/07/2025 190.00 10/11/2005 Book - Borrowing 5 12/11/2023
    Dewey Decimal Classification     Baccah Central Library Central Library First floor 09/11/2005 Purchase 2 510 GRI 000004532 15/07/2025 190.00 09/02/2006 Book - Borrowing 1 24/09/2023
    Dewey Decimal Classification     Baccah Central Library Central Library First floor 07/10/2010 Purchase   510 GRI 000004789 15/07/2025   07/10/2010 NB - Book (Non borrowing)